Top 5 Tennis Grand Slam Romanian Women's Players in Open Era - Statistics

General Stats
  • This quiz has been taken 63 times
  • The average score is 2 of 5
Answer Stats
# Player Best Performance Points % Correct
1 Simona Halep Win (2) 56
100%
2 Virginia Ruzici Win (1) 36
33%
3 Irina Spîrlea Semifinals 12
11%
4 Ruxandra Dragomir Quarterfinals 9
9%
5 Florenta Mihai Final 7
5%
No matching quizzes found
Score Distribution
Percent of People with Each Score
Percentile by Number Answered
Your Score History
You have not taken this quiz